000 01255nam0a22002891 4500
001 rc\3729935
005 20260406000408.0
021 _aRU
_b[74-89067]
035 _a(NLR Aleph) 007865386
090 _a7823201
_c7823201
100 _a20130115d1974 |||y0rusy50 ca
101 0 _arus
102 _aRU
105 _ay z |||||
200 1 _aИзучение политической экономии современного капитализма
_eУчеб. пособие
_fМ-во высш. и сред. спец. образования РСФСР. Краснояр. политехн. ин-т
210 _aКрасноярск
_c[Краснояр. политехн. ин-т]
_d1974
215 _a48 с.
_d20
300 _aНа обл. авт. не указан
320 _aСписок лит.: с. 46-47 (33 назв.)
606 _aПолитическая экономия
_jПособия для заочников
_2psbo
700 1 _8rus
_7ca
_aСмирнов
_bВ. В.
_cканд. юрид. наук, политика, право
_f1941-
_gВильям Викторович
_3RU\NLR\AUTH\77109958
_992883
801 0 _aRU
_bNLR
_gpsbo
801 1 _aRU
_bELAR
_2rusmarc
852 _aNLR
_j74-4/29894
942 _cBOOK
980 _aNB